书目信息 |
| 题名: |
3DS MAX4/5 精彩创意实例详解
|
|
| 作者: | 王小寒 编 | |
| 分册: | ||
| 出版信息: | 北京 海洋出版社 2002.05 |
|
| 页数: | 294页 | |
| 开本: | 26cm | |
| 丛书名: | 阶梯教室 | |
| 单 册: | ||
| 中图分类: | TP391.41 | |
| 科图分类: | ||
| 主题词: | 计算机应用 | |
| 电子资源: | ||
| ISBN: | 7-5027-5547-0 | |
| 000 | 00630nam0 2200217 45 | |
| 001 | 0461429590 | |
| 005 | 2004051317034861 | |
| 010 | @a7-5027-5547-0@dRMB 25.00 | |
| 100 | @a20040513d2002 km y0chiy0120 ea | |
| 101 | 0 | @achi |
| 102 | @aCN@b110000 | |
| 200 | 1 | @a3DS MAX4/5 精彩创意实例详解@A3DS MAX4/5 Jing Cai Chuang Yi Shi Li Xiang Jie@f王小寒编@FWang Xiao Han Bian |
| 210 | @a北京@c海洋出版社@d2002.05 | |
| 215 | @a294页@d26cm | |
| 225 | 2 | @a阶梯教室 |
| 410 | 0 | @12001 @a阶梯教室 |
| 606 | 0 | @a计算机应用 |
| 690 | @aTP391.41@v3 | |
| 701 | 0 | @a王小寒@AWang Xiao Han@4编 |
| 801 | 0 | @aCN@bPFT@c20040513 |
| 905 | @dTP391.41@eW382 | |
| 3DS MAX4/5 精彩创意实例详解/王小寒编.-北京:海洋出版社,2002.05 |
| 294页;26cm.-(阶梯教室) |
| ISBN 7-5027-5547-0:RMB 25.00 |
| ● |
| 相关链接 |
|
|
|
正题名:3DS MAX4/5 精彩创意实例详解
索取号:TP391.41/W382
 
预约/预借
| 序号 | 登录号 | 条形码 | 馆藏地/架位号 | 状态 | 备注 |
| 1 | 375389 | 203753893 | 期刊室512/301自科库 65排1列2层/ [索取号:TP391.41/W382] | 在馆 | |
| 2 | 375390 | 203753900 | 期刊室512/301自科库 97排1列5层/ [索取号:TP391.41/W382] | 在馆 | |
| 3 | 375391 | 203753919 | 期刊室512/301自科库 97排1列5层/ [索取号:TP391.41/W382] | 在馆 |